000 01210nam a2200229Ia 4500
001 L953-44158
003 IT-CnALBA
008 170116s9999||||xx |||||||||||||| ||und||
040 _aIT-CnALBA
_cIT-CnALBA
041 _aITALIANO
100 _aDALLA TORRE GIUSEPPE
245 0 _aAZIONE CATTOLICA E FASCISMO. IL CONFLITTO DEL 1931.
250 _a1a ed.
260 _aROMA
_bAVE, ANONIMA VERITA'S EDITRICE
_c1945 [1° Ed.:1945 - Ed.Ling.Originale: 1945]
300 _a122 p.
500 _aDISCORSO DI PIO XI AI CARDINALI, 1929. CIRCOLARE DELLA FEDERAZIONE DI ROMA. ADUNANZA GIUNTA CENTRALE. PIO XI AI CATTOLICI ROMANI. LETTERA DEL PAPA AL CARDINALE SCHUSTER. CIRCOLARE AZIONE CATTOLICA 1931. IL DIVINO E IL PROFANO. NOTA UFFICIALE. NOSTRE INFOR
501 _aSocietà San Paolo EM - Piazza San Paolo, 14 - 12051 ALBA (CN) (non commercial uses only) ® Copyright 2017
520 _aDISCORSO DI PIO XI AI CARDINALI, 1929. CIRCOLARE DELLA FEDERAZIONE DI ROMA. ADUNANZA GIUNTA CENTRALE. PIO XI AI CATTOLICI ROMANI. LETTERA DEL PAPA AL CARDINALE SCHUSTER. CIRCOLARE AZIONE CATTOLICA 1931. IL DIVINO E IL PROFANO. NOTA UFFICIALE. NOSTRE INFOR
650 _aFASCISMO
942 _cBK
957 _71
999 _a49908
_bSI
_g Copie: 1
_c303110
_d303110